01386 2200205 4500001002100000005001500021035002000036008004100056245004300097100001700140250000600157260003800163300001200201084001400213082000800227650001000235520091100245990001201156990001201168INLIS00000000000091720240603085916 a0010-0524000152240603 1 ind 1 aDiamond Crystal Romance /cSophie Maya aMaya, Sophie a1 aYogyakarta :bSheila/ Andi,c2013 a268 hlm a813 SOP d a813 4aFiksi aKana Handani Zahara gak tahu kalo ngerusakkin jam tangan seseorang bisa mengubah hidupnya yang biasa jadi super ribet. Gimana gak ribet? Gara-gara jam tangan seorang cowok di toko kue langganannya, dia harus mengalami berbagai kejadian buruk bersama cowok itu. Ya siapa yang nyangka sih kalo jam tangan itu harganya 50 juta? Siapa yang nyangka kalo cowok pemilik jam tangan itu ternyata anak pengusaha paling terkenal, paling kaya, paling sukses, yang foto keluarganya bahkan biasa muncul di koran-koran? Dan siapa yang nyangka kalo Kana akhirnya harus berpura-pura pacaran dengannya demi mengganti harga jam itu? Bisa dibayangin, Kana tiap hari dikejar-kejar wartawan, ke mana pun, sampai Kana pusing sendiri. Belum lagi sahabatnya, Mira Anastasia, artis terkenal itu, ikut-ikutan suka sama si anak pengusaha. Ditambah kedatangan Angelicca, calon tunangan cowok itu, bikin Kana tambah serba salah. Arghhh! a0741588 a0741589